000 00814nam a22002177a 4500
999 _c5573
_d5573
003 AR-CdUCM
008 190312b ||||| |||| 00| 0 spa d
040 _aMUNICIPALIDAD PROVINCIAL DEL CUSCO
_cBIBLIOTECA MUNICIPAL DEL CUSCO
082 _a869.96 /
_bT68
100 _aTolon, Edwin T.
_916686
245 _aHistoria del teatro en la habana /
260 _aLa Habana :
_bDirección de publicaciones Universidad Central de las Villas,
_c1961.
300 _a163 páginas ;
_c20 cm.
505 _aLos Areitos. -- El primer teatro de la Habana. -- El teatro mecánico y la opera francesa -- Temporadas locales de opera -- Francisco Covarrubias...
650 _aTeatro
_9173
650 _aOpera
_913136
650 _aArte
_9561
700 _aJorge Antonio González
_916687
942 _2ddc
_cLIBROS
945 _admma